Match The Intro To The Ye (Kanye West) Album - Statistics

General Stats
  • This quiz has been taken 24 times
  • The average score is 12 of 15
Answer Stats
Hint Answer % Correct
My Beautiful Dark Twisted Fantasy Dark Fantasy
95%
Graduation Good Morning
95%
Watch The Throne No Church In The Wild
95%
Donda Donda Chant
90%
Yeezus On Sight
85%
The Life Of Pablo Ultralight Beam
85%
The College Dropout Intro (Skit)
80%
VULTURES 2 SLIDE
80%
ye I Thought About Killing You
75%
Late Registration Wake Up Mr. West
75%
DONDA 2 TRUE LOVE
70%
VULTURES 1 STARS
65%
JESUS IS KING Every Hour
60%
KIDS SEE GHOSTS Feel The Love
60%
808's And Heartbreak Say You Will
60%
No matching quizzes found
Score Distribution
Percent of People with Each Score
Percentile by Number Answered
Your Score History
You have not taken this quiz